Normal view
MARC view
- Automobiles
Entry Topical Term
001 - CONTROL NUMBER
- control field: 85864
003 - CONTROL NUMBER IDENTIFIER
- control field: NUST
005 - DATE AND TIME OF LATEST TRANSACTION
- control field: 20211207095112.0
008 - FIXED-LENGTH DATA ELEMENTS
- fixed length control field: 211207|| aca||aabn | a|a d
040 ## - CATALOGING SOURCE
- Original cataloging agency: NUST
- Transcribing agency: NUST
150 ## - HEADING--TOPICAL TERM
- Topical term or geographic name entry element: Automobiles
- General subdivision: Law and legislation
- Geographic subdivision: Pakistan
670 ## - SOURCE DATA FOUND
- Source citation: Work cat.: (NUST)0: Dar, Sultan Mehmood, author. 85863, Manual of Motor vehicle laws in Pakistan :
